<?xml version="1.0" encoding="UTF-8"?>
<record
    xmlns:xsi="http://www.w3.org/2001/XMLSchema-instance"
    xsi:schemaLocation="http://www.loc.gov/MARC21/slim http://www.loc.gov/standards/marcxml/schema/MARC21slim.xsd"
    xmlns="http://www.loc.gov/MARC21/slim">

  <leader>02981nam a22002537a 4500</leader>
  <controlfield tag="003">NALT</controlfield>
  <controlfield tag="005">20250522095418.0</controlfield>
  <controlfield tag="008">240229b        th ||||| |||| 00| 0 tha d</controlfield>
  <datafield tag="020" ind1=" " ind2=" ">
    <subfield code="a">9786162837135</subfield>
  </datafield>
  <datafield tag="040" ind1=" " ind2=" ">
    <subfield code="a">NALT</subfield>
  </datafield>
  <datafield tag="050" ind1=" " ind2=" ">
    <subfield code="a">BQ 940.A42</subfield>
    <subfield code="b">&#xE08;131 2567</subfield>
  </datafield>
  <datafield tag="245" ind1="0" ind2="0">
    <subfield code="a">&#xE08;&#xE14;&#xE2B;&#xE21;&#xE32;&#xE22;&#xE40;&#xE2B;&#xE15;&#xE38;&#xE07;&#xE32;&#xE19;&#xE09;&#xE25;&#xE2D;&#xE07;&#xE1E;&#xE23;&#xE30;&#xE0A;&#xE19;&#xE21;&#xE32;&#xE22;&#xE38; 8 &#xE23;&#xE2D;&#xE1A; &#xE2A;&#xE21;&#xE40;&#xE14;&#xE47;&#xE08;&#xE1E;&#xE23;&#xE30;&#xE2D;&#xE23;&#xE34;&#xE22;&#xE27;&#xE07;&#xE28;&#xE32;&#xE04;&#xE15;&#xE0D;&#xE32;&#xE13; (&#xE2D;&#xE31;&#xE21;&#xE1E;&#xE23; &#xE2D;&#xE21;&#xE3A;&#xE1E;&#xE42;&#xE23;) &#xE2A;&#xE21;&#xE40;&#xE14;&#xE47;&#xE08;&#xE1E;&#xE23;&#xE30;&#xE2A;&#xE31;&#xE07;&#xE06;&#xE23;&#xE32;&#xE0A; &#xE2A;&#xE01;&#xE25;&#xE21;&#xE2B;&#xE32;&#xE2A;&#xE31;&#xE07;&#xE06;&#xE1B;&#xE23;&#xE34;&#xE13;&#xE32;&#xE22;&#xE01;.</subfield>
  </datafield>
  <datafield tag="250" ind1=" " ind2=" ">
    <subfield code="a">&#xE1E;&#xE34;&#xE21;&#xE1E;&#xE4C;&#xE04;&#xE23;&#xE31;&#xE49;&#xE07;&#xE41;&#xE23;&#xE01;.</subfield>
  </datafield>
  <datafield tag="260" ind1=" " ind2=" ">
    <subfield code="a">&#xE01;&#xE23;&#xE38;&#xE07;&#xE40;&#xE17;&#xE1E;&#xE2F; :</subfield>
    <subfield code="b">&#xE2A;&#xE33;&#xE19;&#xE31;&#xE01;&#xE2B;&#xE2D;&#xE08;&#xE14;&#xE2B;&#xE21;&#xE32;&#xE22;&#xE40;&#xE2B;&#xE15;&#xE38;&#xE41;&#xE2B;&#xE48;&#xE07;&#xE0A;&#xE32;&#xE15;&#xE34; &#xE01;&#xE23;&#xE21;&#xE28;&#xE34;&#xE25;&#xE1B;&#xE32;&#xE01;&#xE23;,</subfield>
    <subfield code="c">2567.</subfield>
  </datafield>
  <datafield tag="300" ind1=" " ind2=" ">
    <subfield code="a">498 &#xE2B;&#xE19;&#xE49;&#xE32; :</subfield>
    <subfield code="b">&#xE20;&#xE32;&#xE1E;&#xE1B;&#xE23;&#xE30;&#xE01;&#xE2D;&#xE1A; ;</subfield>
    <subfield code="c">30 &#xE0B;&#xE21;. +</subfield>
    <subfield code="e">&#xE0B;&#xE35;&#xE14;&#xE35;&#xE23;&#xE2D;&#xE21; 1 &#xE41;&#xE1C;&#xE48;&#xE19;.</subfield>
  </datafield>
  <datafield tag="500" ind1=" " ind2=" ">
    <subfield code="a">&#xE04;&#xE13;&#xE30;&#xE01;&#xE23;&#xE23;&#xE21;&#xE01;&#xE32;&#xE23;&#xE2D;&#xE33;&#xE19;&#xE27;&#xE22;&#xE01;&#xE32;&#xE23;&#xE08;&#xE31;&#xE14;&#xE07;&#xE32;&#xE19;&#xE09;&#xE25;&#xE2D;&#xE07;&#xE1E;&#xE23;&#xE30;&#xE0A;&#xE19;&#xE21;&#xE32;&#xE22;&#xE38; 8 &#xE23;&#xE2D;&#xE1A;</subfield>
  </datafield>
  <datafield tag="505" ind1="2" ind2=" ">
    <subfield code="a">&#xE20;&#xE32;&#xE04;&#xE17;&#xE35;&#xE48; 1 &#xE1E;&#xE23;&#xE30;&#xE1B;&#xE23;&#xE30;&#xE27;&#xE31;&#xE15;&#xE34;&#xE2A;&#xE21;&#xE40;&#xE14;&#xE47;&#xE08;&#xE1E;&#xE23;&#xE30;&#xE2D;&#xE23;&#xE34;&#xE22;&#xE27;&#xE07;&#xE28;&#xE32;&#xE04;&#xE15;&#xE0D;&#xE32;&#xE13; (&#xE2D;&#xE31;&#xE21;&#xE1E;&#xE23; &#xE2D;&#xE21;&#xE3A;&#xE1E;&#xE42;&#xE23;) &#xE2A;&#xE21;&#xE40;&#xE14;&#xE47;&#xE08;&#xE1E;&#xE23;&#xE30;&#xE2A;&#xE31;&#xE07;&#xE06;&#xE23;&#xE32;&#xE0A; &#xE2A;&#xE01;&#xE25;&#xE21;&#xE2B;&#xE32;&#xE2A;&#xE31;&#xE07;&#xE06;&#xE1B;&#xE23;&#xE34;&#xE13;&#xE32;&#xE22;&#xE01; &#xE27;&#xE31;&#xE14;&#xE23;&#xE32;&#xE0A;&#xE1A;&#xE1E;&#xE34;&#xE18;&#xE2A;&#xE16;&#xE34;&#xE15;&#xE21;&#xE2B;&#xE32;&#xE2A;&#xE35;&#xE21;&#xE32;&#xE23;&#xE32;&#xE21; -- &#xE20;&#xE32;&#xE04;&#xE17;&#xE35;&#xE48; 2 &#xE01;&#xE32;&#xE23;&#xE08;&#xE31;&#xE14;&#xE40;&#xE15;&#xE23;&#xE35;&#xE22;&#xE21;&#xE07;&#xE32;&#xE19;&#xE09;&#xE25;&#xE2D;&#xE07;&#xE1E;&#xE23;&#xE30;&#xE0A;&#xE19;&#xE21;&#xE32;&#xE22;&#xE38; 8 &#xE23;&#xE2D;&#xE1A; &#xE2A;&#xE21;&#xE40;&#xE14;&#xE47;&#xE08;&#xE1E;&#xE23;&#xE30;&#xE2D;&#xE23;&#xE34;&#xE22;&#xE27;&#xE07;&#xE28;&#xE32;&#xE04;&#xE15;&#xE0D;&#xE32;&#xE13; (&#xE2D;&#xE31;&#xE21;&#xE1E;&#xE23; &#xE2D;&#xE21;&#xE3A;&#xE1E;&#xE42;&#xE23;) &#xE2A;&#xE21;&#xE40;&#xE14;&#xE47;&#xE08;&#xE1E;&#xE23;&#xE30;&#xE2A;&#xE31;&#xE07;&#xE06;&#xE23;&#xE32;&#xE0A; &#xE2A;&#xE01;&#xE25;&#xE21;&#xE2B;&#xE32;&#xE2A;&#xE31;&#xE07;&#xE06;&#xE1B;&#xE23;&#xE34;&#xE13;&#xE32;&#xE22;&#xE01; 26 &#xE21;&#xE34;&#xE16;&#xE38;&#xE19;&#xE32;&#xE22;&#xE19; 2566 -- &#xE20;&#xE32;&#xE04;&#xE17;&#xE35;&#xE48; 3 &#xE07;&#xE32;&#xE19;&#xE09;&#xE2D;&#xE07;&#xE1E;&#xE23;&#xE30;&#xE0A;&#xE19;&#xE21;&#xE32;&#xE22;&#xE38; 8 &#xE23;&#xE2D;&#xE1A; &#xE2A;&#xE21;&#xE40;&#xE14;&#xE47;&#xE08;&#xE1E;&#xE23;&#xE30;&#xE2D;&#xE23;&#xE34;&#xE22;&#xE27;&#xE07;&#xE28;&#xE32;&#xE04;&#xE15;&#xE0D;&#xE32;&#xE13; (&#xE2D;&#xE31;&#xE21;&#xE1E;&#xE23; &#xE2D;&#xE21;&#xE3A;&#xE1E;&#xE42;&#xE23;) &#xE2A;&#xE21;&#xE40;&#xE14;&#xE47;&#xE08;&#xE1E;&#xE23;&#xE30;&#xE2A;&#xE31;&#xE07;&#xE06;&#xE23;&#xE32;&#xE0A; &#xE2A;&#xE01;&#xE25;&#xE21;&#xE2B;&#xE32;&#xE2A;&#xE31;&#xE07;&#xE06;&#xE1B;&#xE23;&#xE34;&#xE13;&#xE32;&#xE22;&#xE01; 26 &#xE21;&#xE34;&#xE16;&#xE38;&#xE19;&#xE32;&#xE22;&#xE19; 2566 -- &#xE20;&#xE32;&#xE04;&#xE17;&#xE35;&#xE48; 4 &#xE42;&#xE04;&#xE23;&#xE07;&#xE01;&#xE32;&#xE23;&#xE41;&#xE25;&#xE30;&#xE01;&#xE34;&#xE08;&#xE01;&#xE23;&#xE23;&#xE21;&#xE40;&#xE09;&#xE25;&#xE34;&#xE21;&#xE1E;&#xE23;&#xE30;&#xE40;&#xE01;&#xE35;&#xE22;&#xE23;&#xE15;&#xE34;&#xE07;&#xE32;&#xE19;&#xE09;&#xE25;&#xE2D;&#xE07;&#xE1E;&#xE23;&#xE30;&#xE0A;&#xE19;&#xE21;&#xE32;&#xE22;&#xE38; 8 &#xE23;&#xE2D;&#xE1A; &#xE2A;&#xE21;&#xE40;&#xE14;&#xE47;&#xE08;&#xE1E;&#xE23;&#xE30;&#xE2D;&#xE23;&#xE34;&#xE22;&#xE27;&#xE07;&#xE28;&#xE32;&#xE04;&#xE15;&#xE0D;&#xE32;&#xE13; (&#xE2D;&#xE31;&#xE21;&#xE1E;&#xE23; &#xE2D;&#xE21;&#xE3A;&#xE1E;&#xE42;&#xE23;) &#xE2A;&#xE21;&#xE40;&#xE14;&#xE47;&#xE08;&#xE1E;&#xE23;&#xE30;&#xE2A;&#xE31;&#xE07;&#xE06;&#xE23;&#xE32;&#xE0A; &#xE2A;&#xE01;&#xE25;&#xE21;&#xE2B;&#xE32;&#xE2A;&#xE31;&#xE07;&#xE06;&#xE1B;&#xE23;&#xE34;&#xE13;&#xE32;&#xE22;&#xE01; 26 &#xE21;&#xE34;&#xE16;&#xE38;&#xE19;&#xE32;&#xE22;&#xE19; 2566.</subfield>
  </datafield>
  <datafield tag="600" ind1="0" ind2="4">
    <subfield code="a">&#xE2A;&#xE21;&#xE40;&#xE14;&#xE47;&#xE08;&#xE1E;&#xE23;&#xE30;&#xE2D;&#xE23;&#xE34;&#xE22;&#xE27;&#xE07;&#xE28;&#xE32;&#xE04;&#xE15;&#xE0D;&#xE32;&#xE13;,</subfield>
    <subfield code="c">&#xE2A;&#xE21;&#xE40;&#xE14;&#xE47;&#xE08;&#xE1E;&#xE23;&#xE30;&#xE2A;&#xE31;&#xE07;&#xE06;&#xE23;&#xE32;&#xE0A; (&#xE2D;&#xE31;&#xE21;&#xE1E;&#xE23; &#xE2D;&#xE21;&#xE3A;&#xE1E;&#xE42;&#xE23;),</subfield>
    <subfield code="d">2470-</subfield>
    <subfield code="9">61147</subfield>
  </datafield>
  <datafield tag="650" ind1=" " ind2="4">
    <subfield code="a">&#xE2A;&#xE21;&#xE40;&#xE14;&#xE47;&#xE08;&#xE1E;&#xE23;&#xE30;&#xE2A;&#xE31;&#xE07;&#xE06;&#xE23;&#xE32;&#xE0A;</subfield>
    <subfield code="z">&#xE44;&#xE17;&#xE22;</subfield>
    <subfield code="x">&#xE0A;&#xE35;&#xE27;&#xE1B;&#xE23;&#xE30;&#xE27;&#xE31;&#xE15;&#xE34; </subfield>
    <subfield code="9">47446</subfield>
  </datafield>
  <datafield tag="942" ind1=" " ind2=" ">
    <subfield code="c">GB</subfield>
    <subfield code="2">lcc</subfield>
  </datafield>
  <datafield tag="996" ind1=" " ind2=" ">
    <subfield code="a">chunbijaya.r</subfield>
    <subfield code="b">CATSTF	</subfield>
    <subfield code="c">2024-02-29</subfield>
  </datafield>
  <datafield tag="996" ind1=" " ind2=" ">
    <subfield code="a">saiphon.d</subfield>
    <subfield code="b">CATSTF	</subfield>
    <subfield code="c">2024-03-13</subfield>
  </datafield>
  <datafield tag="999" ind1=" " ind2=" ">
    <subfield code="c">104833</subfield>
    <subfield code="d">104833</subfield>
  </datafield>
  <datafield tag="998" ind1=" " ind2=" ">
    <subfield code="j">6650</subfield>
    <subfield code="k"> &#xE19;&#xE32;&#xE07;&#xE2A;&#xE32;&#xE27;&#xE27;&#xE32;&#xE23;&#xE35;  &#xE40;&#xE01;&#xE15;&#xE38;&#xE42;&#xE09;&#xE21;</subfield>
  </datafield>
  <datafield tag="952" ind1=" " ind2=" ">
    <subfield code="0">0</subfield>
    <subfield code="1">0</subfield>
    <subfield code="2">lcc</subfield>
    <subfield code="4">0</subfield>
    <subfield code="7">0</subfield>
    <subfield code="8">CGBL</subfield>
    <subfield code="a">NALT</subfield>
    <subfield code="b">NALT</subfield>
    <subfield code="c">GEN</subfield>
    <subfield code="d">2024-02-29</subfield>
    <subfield code="l">0</subfield>
    <subfield code="o">BQ 940.A42 &#xE08;131 2567</subfield>
    <subfield code="p">3961222733</subfield>
    <subfield code="r">2024-04-22 00:00:00</subfield>
    <subfield code="t">&#xE09;.1</subfield>
    <subfield code="w">2024-02-29</subfield>
    <subfield code="y">GB</subfield>
  </datafield>
  <datafield tag="952" ind1=" " ind2=" ">
    <subfield code="0">0</subfield>
    <subfield code="1">0</subfield>
    <subfield code="2">lcc</subfield>
    <subfield code="4">0</subfield>
    <subfield code="7">0</subfield>
    <subfield code="8">CGBL</subfield>
    <subfield code="a">NALT</subfield>
    <subfield code="b">NALT</subfield>
    <subfield code="c">GEN</subfield>
    <subfield code="d">2025-05-01</subfield>
    <subfield code="l">0</subfield>
    <subfield code="o">BQ 940.A42 &#xE08;131 2567</subfield>
    <subfield code="p">3961215056</subfield>
    <subfield code="r">2025-05-01 00:00:00</subfield>
    <subfield code="t">&#xE09;.2</subfield>
    <subfield code="w">2025-05-01</subfield>
    <subfield code="y">GB</subfield>
  </datafield>
</record>
